| 000 | 01082nam a2200241 i 4500 | ||
|---|---|---|---|
| 003 | IT-RoINE | ||
| 005 | 20200108082849.0 | ||
| 008 | 981210s1976 sp a r ||spa d | ||
| 020 | _a8427501870 | ||
| 040 |
_aSpMaBN _cIT-RoINE _dIT-RoINE |
||
| 110 | 2 |
_916124 _aEspaña |
|
| 245 | 1 | 0 |
_aSegundo viaje de sus Majestades los Reyes de España a América : _bvisita a Colombia y Venezuela, con paso por Santo Domingo : 11 de octubre al 15 de octubre de 1976. |
| 260 |
_aMadrid : _bEdiciones del Moviemiento, _c1976. |
||
| 300 |
_a77 p., [6] h. de lám., [17] h. de lám. ; _c23 cm. |
||
| 336 |
_2rdacontent _atext |
||
| 337 |
_2rdamedia _aunmediated |
||
| 338 |
_2rdacarrier _avolume |
||
| 505 | 0 | _aDiscursos de D. Alfonso López Michelsen, D. Juan Carlos I. y Dª Sofía | |
| 600 | 0 | 4 |
_965710 _aJuan Carlos _bI, _cRey de España, _d1938- _xViajes _zRepública Dominicana _zSanto Domingo _xFuentes |
| 600 | 0 | 4 |
_aJuan Carlos _bI, _cRey de España, _d1938- _xViajes _zColombia _xFuentes _965715 |
| 600 | 0 | 4 |
_aJuan Carlos _bI, _cRey de España, _d1938- _xViajes _zVenezuela _xFuentes _965716 |
| 942 | _cMTS | ||
| 999 |
_c33371 _d33371 |
||